Diecezje i archidiecezje w Polsce z mapą - Statystyki

Ogólne statystyki
  • Ten quiz został rozwiązany 1 545 razy
  • Średni wynik to 37 z 55
Odpowiedzi na mapie
Odpowiedzi zakodowano w zielono-czerwonej skali na mapie do tego quizu, zgodnie z poniższymi procentami.
 
Statystyki odpowiedzi
Odpowiedź % Poprawnych
Archidiecezja gdańska
94%
Archidiecezja warszawska
94%
Archidiecezja krakowska
93%
Archidiecezja wrocławska
93%
Metropolia {gdańska}
93%
Metropolia {warszawska}
93%
Metropolia {krakowska}
92%
Archidiecezja poznańska
91%
Metropolia {poznańska}
91%
Archidiecezja łódzka
90%
Metropolia {wrocławska}
88%
Archidiecezja białostocka
87%
Metropolia {białostocka}
87%
Archidiecezja lubelska
86%
Diecezja rzeszowska
86%
Archidiecezja katowicka
85%
Metropolia {katowicka}
85%
Metropolia {lubelska}
85%
Metropolia {łódzka}
84%
Diecezja opolska
83%
Archidiecezja częstochowska
81%
Diecezja kielecka
80%
Diecezja toruńska
80%
Metropolia {częstochowska}
80%
Diecezja bydgoska
76%
Diecezja radomska
73%
Diecezja tarnowska
72%
Archidiecezja przemyska
71%
Metropolia {przemyska}
71%
Archidiecezja gnieźnieńska
69%
Diecezja elbląska
69%
Metropolia {gnieźnieńska}
68%
Diecezja płocka
65%
Diecezja kaliska
62%
Diecezja legnicka
57%
Diecezja sandomierska
57%
Archidiecezja warmińska
52%
Diecezja ełcka
51%
Diecezja gliwicka
51%
Diecezja sosnowiecka
51%
Metropolia {warmińska}
51%
Diecezja siedlecka
49%
Diecezja łomżyńska
48%
Diecezja włocławska
46%
Diecezja warszawsko-praska
45%
Diecezja pelplińska
36%
Diecezja łowicka
35%
Diecezja drohiczyńska
33%
Archidiecezja szczecińsko-kamieńska
32%
Diecezja koszalińsko-kołobrzeska
31%
Diecezja świdnicka
31%
Metropolia {szczecińsko-kamieńska}
31%
Diecezja bielsko-żywiecka
29%
Diecezja zielonogórsko-gorzowska
27%
Diecezja zamojsko-lubaczowska
25%
Nie znaleziono quizów pasujących do podanych kryteriów
Rozkład punktacji
Procent ludzi z każdym wynikiem
Percentyl według liczby udzielonych odpowiedzi
Twoja historia wyników
Nie rozwiązałeś tego quizu